01665 2200277 4500001002100000005001500021035002000036007000300056008004100059020002200100082001200122084001600134245015800150250001200308300003500320650001700355700003300372700002100405520082500426264003001251336002101281337003001302338002301332990001601355990001601371INLIS00000000000016720260423100641 a0010-0426000166ta260423 g 0 ind  a978-979-29-3068-9 a005.118 a005.118 VIS aVisual basic 2010 programming /cPenyunting , FI.Sigit Suyanto ; Setting , Sri Sulistiyani ; Ilustrator , Bowo ; Korektor , Sigit A. Saputra/Aktor Sadewa aPertama a206 :bilustrasi ;c16 x 23 cm 4aVisual basic0 aFI.Sigit SuyantoePenyunting0 aBowoeIlustrator aVisual Basic 2010 merupakan bahasa pemrograman yang paling populer dalam dunia komputer. Aneka program dapat dibuat menggunakan Visual Basic 2010. Dengan memelajari pemrograman di Visual Basic 2010 akan membuat Anda memiliki paradigma yang luas sebagai programmer yang dituntut harus serba bisa, disamping untuk meng-update kemampuan Anda dalam bidang IT. Bahasa pemrograman ini merupakan bahasa pemrograman yang sudah cukup uzur dan merupakan pengembangan dari Visual Basic yang telah memiliki komunitas pengguna yang cukup besar. Dengan memanfaatkan contoh yang ada di buku ini, diharapkan pengguna yang masih pemula atau yang memiliki pengetahuan dasar Visual Basic akan mampu menguasai fitur-fitur Visual Basic 2010. Pada buku ini dibahas bagaimana memanfaatkan Visual Basic 2010 untuk pemrograman profesional. aYogyakarta :bANDI,c2010 2rdacontentaTeks 2rdamediaaTanpa Perantara 2rdacarrieravolume aPP000255/19 aPP000699/19